"Törékeny hídakon közlekedünk..."

Elmentve itt :
Bibliográfiai részletek
Szerző: CSEKE Gábor
Adatforrás:Meister
Forrásdokumentuma:A Hét. -
24 sz., 1993, 3-4 p.
Nyelv:magyar
Kulcsszavak:sajtótörténet
sajtó
kulturális intézmények
POMOGÁTS Béla
MÓDOS Péter
Európai Utas
Bukaresti Magyar Kulturális Központ
LEADER 00536nab a2200193 i 4500
001 bibPRO00006712
008 060524s1993 xx hun
040 |a Sz1 
041 |a hun 
100 1 |a CSEKE Gábor 
245 1 1 |a "Törékeny hídakon közlekedünk..."  |c CSEKE Gábor 
695 |a sajtótörténet 
695 |a sajtó 
695 |a kulturális intézmények 
695 |a POMOGÁTS Béla 
695 |a MÓDOS Péter 
695 |a Európai Utas 
695 |a Bukaresti Magyar Kulturális Központ 
773 0 |t A Hét. -  |g 24 sz., 1993, 3-4 p.